Statistics for Top 10 Smallest Indian States by Area

Click here to take the quiz!

General Stats

  • This quiz has been taken 23 times
  • The average score is 8 of 10

Answer Stats

AreaState% Correct
3,702Goa
95%
7,096Sikkim
95%
21,081Mizoram
90%
16,579Nagaland
85%
22,720Meghalaya
80%
10,492Tripura
80%
22,347Manipur
75%
38,863Kerala
70%
50,362Punjab
70%
44,212Haryana
65%

Score Distribution

Percentile by Number Answered

Percent of People with Each Score

Your Score History

You have not taken this quiz